Last 3 letter combinations of World countries - Statistics

General Stats
  • This quiz has been taken 83 times
    79 since last reset
  • The average score is 88 of 127
Answer Stats
Answer % Correct
And
95%
Ica
92%
Nia
92%
Sia
92%
Ria
90%
Tan
90%
Ada
89%
Bia
89%
Ina
89%
Ain
84%
Nes
84%
Rea
84%
Any
82%
Dor
82%
Ico
82%
Lia
82%
Nce
82%
Way
82%
Zil
82%
Den
80%
Dia
80%
Lic
80%
Nds
80%
Ran
80%
Raq
80%
Ana
79%
Dan
79%
Dom
79%
Gal
79%
Ium
79%
Kia
79%
Pan
79%
Uba
79%
Aly
77%
Nda
77%
Nea
77%
Ypt
77%
Ark
75%
Ela
75%
Pia
75%
Via
75%
Ael
74%
Eru
74%
Ile
74%
Ine
74%
Ngo
74%
Rus
74%
Tia
74%
Ait
72%
Ece
72%
Gua
72%
Men
72%
Nam
72%
Uay
72%
Ger
70%
Iji
70%
Man
70%
Ola
70%
Ity
69%
Ize
69%
Moa
69%
Ras
69%
Rra
69%
Tes
69%
Ala
67%
Bwe
67%
Iti
67%
Les
67%
Mas
67%
Tho
67%
Ali
66%
Alu
66%
Ama
66%
Ame
66%
Cco
66%
Gia
66%
Key
66%
Nga
66%
Non
66%
Urg
66%
Ati
64%
Bya
64%
Car
64%
Had
64%
Ros
64%
Tar
64%
Uti
64%
Vis
64%
Ago
62%
Bon
62%
Cia
62%
Nya
62%
Ogo
62%
Ary
61%
Aso
61%
Atu
61%
Lta
61%
Ndi
61%
Ova
61%
Que
61%
Ves
61%
Ein
59%
Jan
59%
Nin
59%
Ore
59%
aco
57%
Dos
57%
Gro
57%
Lau
57%
One
57%
Pal
57%
Ino
56%
Ius
56%
Nka
56%
Oon
56%
Aos
54%
Ast
54%
Sau
54%
Uru
54%
Mar
52%
Rde
51%
Awi
49%
Esh
49%
Mor
49%
Nei
49%
Uda
49%
Ipe
48%
No matching quizzes found
Score Distribution
Percent of People with Each Score
Percentile by Number Answered
Your Score History
You have not taken this quiz since the last reset